River of flesh and other stories : (Record no. 145619)

MARC details
000 -LEADER
fixed length control field 00637nam a22001937a 4500
005 - DATE AND TIME OF LATEST TRANSACTION
control field 20220211114453.0
010 ## - LCCN (DPL NO)
LC control number 1718EN-30ENG-122221
020 ## - INTERNATIONAL STANDARD BOOK NUMBER
International Standard Book Number 9789385755583
Terms of availability 350.00
035 ## - SYSTEM CONTROL NUMBER
System control number EN-105753
037 ## - SOURCE OF ACQUISITION
Source of stock number/acquisition Pragati
Stock number dpl
037 ## - SOURCE OF ACQUISITION
Source of stock number/acquisition DBAD/PUB
082 ## - DEWEY DECIMAL CLASSIFICATION NUMBER
Classification number S
245 ## - TITLE STATEMENT
Title River of flesh and other stories :
Remainder of title The Prostituted woman in Indian short fiction /
Statement of responsibility, etc Edited by Ruchira Gupta
260 ## - PUBLICATION, DISTRIBUTION, ETC. (IMPRINT)
Place of publication, distribution, etc New Delhi
Name of publisher, distributor, etc Speaking Tiger
Date of publication, distribution, etc 2016
270 ## - ADDRESS
Address 4381/4, Ansari Road, Daryaganj
City New Delhi
Postal code 110002
300 ## - PHYSICAL DESCRIPTION
Extent 256p.
Other physical details 21cm(pbk)
942 ## - ADDED ENTRY ELEMENTS (KOHA)
Source of classification or shelving scheme Dewey Decimal Classification
Item type English Books
Classification part S
Call number suffix RIV
Holdings
Withdrawn status Lost status Not for loan Collection code Home library Current library Date acquired Source of acquisition Cost, normal purchase price Full call number Barcode Copy number Cost, replacement price Koha item type
      Fiction Ashok Vihar Ashok Vihar 08/02/2018 DBAD/PUB 350.00 S RIV EN-105753 1 350.00 English Books

© Delhi Public Library
Hit Counter
free hit counter